[Event "HUN-chT2 Erkel 1516"]
[Site "Hungary"]
[Date "2016.02.28"]
[Round "8.2"]
[White "Deak, Ferenc"]
[Black "Levay, Sorin"]
[Result "1/2-1/2"]
[WhiteElo "2241"]
[BlackElo "2306"]
[PlyCount "86"]
[EventDate "2015.09.13"]
[EventType "team-tourn"]
[EventRounds "11"]
[EventCountry "HUN"]
[SourceTitle "EXT 2017"]
[Source "ChessBase"]
[SourceDate "2016.10.25"]
[SourceVersion "1"]
[SourceVersionDate "2016.10.25"]
[SourceQuality "1"]
[WhiteTeam "Foti"]
[BlackTeam "Matra"]
[WhiteTeamCountry "HUN"]
[BlackTeamCountry "HUN"]

1. d4 d6 2. c4 e5 3. Nf3 Nd7 4. Nc3 g6 5. g4 h5 6. g5 Bg7 7. d5 Ne7 8. e4 a5 9. Be3 Nc5 10. a3 Bd7 11. b4 axb4 12. axb4 Rxa1 13. Qxa1 Na6 14. Qa5 0-0 15. c5 f5 16. gxf6 Rxf6 17. Ng5 dxc5 18. bxc5 Bf8 19. Bc4 Kg7 20. Ke2 Nxc5 21. d6 Nc6 22. Qxc5 Rxd6 23. Bd5 Nd4+ 24. Bxd4 Qxg5 25. Rg1 Qxg1 26. Bxe5+ Kh6 27. Qe3+ Kh7 28. Bxd6 cxd6 29. Qb6 Bg7 30. e5 Qxh2 31. Qxb7 Bg4+ 32. Ke3 Qxe5+ 33. Ne4 g5 34. Qa7 Bf5 35. Qf7 Bg6 36. Qe6 g4 37. Qxd6 Qd4+ 38. Kf4 Bh6+ 39. Kg3 Bg7 40. Ng5+ Kh6 41. Nf7+ Kh7 42. Ng5+ Kh6 43. Nf7+ Kh7 1/2-1/2